<?xml version="1.0" encoding="UTF-8"?>
<record
    xmlns:xsi="http://www.w3.org/2001/XMLSchema-instance"
    xsi:schemaLocation="http://www.loc.gov/MARC21/slim http://www.loc.gov/standards/marcxml/schema/MARC21slim.xsd"
    xmlns="http://www.loc.gov/MARC21/slim">

  <leader>01318    a2200205   4500</leader>
  <controlfield tag="003">Nust</controlfield>
  <controlfield tag="005">20230201114141.0</controlfield>
  <datafield tag="010" ind1=" " ind2=" ">
    <subfield code="a">58007388</subfield>
  </datafield>
  <datafield tag="040" ind1=" " ind2=" ">
    <subfield code="c">Nust</subfield>
  </datafield>
  <datafield tag="082" ind1=" " ind2=" ">
    <subfield code="a">808.83,LED</subfield>
  </datafield>
  <datafield tag="100" ind1=" " ind2=" ">
    <subfield code="a">Lederer, William J.,</subfield>
    <subfield code="9">108343</subfield>
  </datafield>
  <datafield tag="245" ind1=" " ind2=" ">
    <subfield code="a">The ugly American / </subfield>
    <subfield code="c">William J. Lederer and Eugene Burdick</subfield>
  </datafield>
  <datafield tag="250" ind1=" " ind2=" ">
    <subfield code="a">1st ed</subfield>
  </datafield>
  <datafield tag="260" ind1=" " ind2=" ">
    <subfield code="a">New York</subfield>
    <subfield code="b">Norton</subfield>
    <subfield code="c">1958</subfield>
  </datafield>
  <datafield tag="300" ind1=" " ind2=" ">
    <subfield code="a">285 p</subfield>
    <subfield code="b">22 cm</subfield>
  </datafield>
  <datafield tag="505" ind1=" " ind2=" ">
    <subfield code="a">A Note From the Authors (Page-7), Lucky (Page-11), Lucky Lou no. 2 (Page-33), Nine Friends (Page-43), Everybody Loves Joe Bing (Page-66), Confidential and Personal (Page-74), Employment Opportunities Abroad (Page-77), The Girl Who Got Recruited (Page-83),The Ambassador And The Working Press (Page-87),  Everyone his Ears (Page-93), The Ragtime Kid (Page-110), The Iron of War (Page-115), The Iron of War (Page-132), The Lessons of War (Page-132), How to Would You Do If you ere President ?(Page-144), How to Buy an American Junior Grade (Page-155),  The Six &#x2013; Foot Swami From Savannah (Page-174), Captain Boning, USN (Page-191),The Ugly American (Page-205), The Bent Back of Chang Dong (Page-232), Senator Sir (Page-239), The Sum of Tiny Things (Page-264), A Factual Epilogue (Page-271).</subfield>
  </datafield>
  <datafield tag="600" ind1=" " ind2=" ">
    <subfield code="a">Lederer, William J.,</subfield>
    <subfield code="9">108343</subfield>
  </datafield>
  <datafield tag="650" ind1=" " ind2=" ">
    <subfield code="a">The ugly American</subfield>
    <subfield code="9">108344</subfield>
  </datafield>
  <datafield tag="942" ind1=" " ind2=" ">
    <subfield code="2">ddc</subfield>
    <subfield code="c">BK</subfield>
    <subfield code="k">808.83,LED</subfield>
  </datafield>
  <datafield tag="999" ind1=" " ind2=" ">
    <subfield code="c">186371</subfield>
    <subfield code="d">186371</subfield>
  </datafield>
  <datafield tag="952" ind1=" " ind2=" ">
    <subfield code="0">0</subfield>
    <subfield code="1">0</subfield>
    <subfield code="2">ddc</subfield>
    <subfield code="4">0</subfield>
    <subfield code="7">0</subfield>
    <subfield code="a">MCS</subfield>
    <subfield code="b">MCS</subfield>
    <subfield code="c">GEN</subfield>
    <subfield code="d">2016-12-12</subfield>
    <subfield code="o">808.83,LED</subfield>
    <subfield code="p">MCS29926</subfield>
    <subfield code="r">2016-12-08</subfield>
    <subfield code="w">2016-12-12</subfield>
    <subfield code="y">BK</subfield>
    <subfield code="z">Almirah No. 57, Shelf No. 1</subfield>
  </datafield>
</record>
